Shakira Quiz - Estadísticas

Estadísticas generales
  • Esta prueba ha sido intentada 9 veces
  • La puntuación promedio es 9 de 15
Estadísticas de respuestas
Pregunta Respuesta % Correcto
What is the name of Shakira’s 2024 album? Las Mujeres Ya No Lloran
100%
Who does Shakira sing 'Chantaje' with? Maluma
100%
Which of these artist didn't she collaborate with? Taylor Swift
100%
What does Shakira's song refer to female empowerment? She Wolf
89%
Which song of these did Shakira sing with her sons? Acrostico
78%
How many songs have she released so far this year? 4
67%
Which song contains influences of Middle Eastern music and dance styles? Ojos Asi
67%
Which artist sang with Shakira her iconic song 'Hips Don't Lie'? Wyclef Jean
67%
Which genre is LEAST associated with Shakira’s music? Classical
56%
Who co-wrote 'Try Everything from Zootopia for her? Sia
56%
How many appearances will she have had after July 19th in the World Cup and how many songs does she have with 'Dai Dai' ft. Burna Boy for it? 4
44%
Did Can't Remember to Forget You, which she collaborated with Rihanna, have a Spanish version? Yes, but without Rihanna.
44%
Which is her debut song? Magia
33%
In which year did she release her album Laundry Service? In 2001
22%
How many studio album has she released? 12
11%
No se encontraron pruebas coincidentes
Distribución de puntuación
Porcentaje de gente con cada puntuación
Porcentaje por número respondido
Historial de tus puntuaciones
No has intentado esta prueba.